000 00327nam a2200133Ia 4500
008 190216s9999||||xx |||||||||||||| ||und||
100 _a"Robert. L Weber Kenneth V Manning , Marsh W. White"
245 0 _aCollege Physics
250 _a4th Ed.
260 _bMcgraw -hill
300 _a740
650 _aPhysics
942 _cBK
999 _c32706
_d32706